ARRUPE JESUIT UNIVERSITY

CORONAVIRUS -STOP THE SPREAD - CLEAN,DISINFECT,COVER

The ego and his own (Record no. 127046)

MARC details
000 -LEADER
fixed length control field 01017cam a22002891 4500
001 - CONTROL NUMBER
control field 7781895
003 - CONTROL NUMBER IDENTIFIER
control field ARRUPE
005 - DATE AND TIME OF LATEST TRANSACTION
control field 20171006085653.0
008 - FIXED-LENGTH DATA ELEMENTS--GENERAL INFORMATION
fixed length control field 791017s1918 nyu 000 0 eng
010 ## - LIBRARY OF CONGRESS CONTROL NUMBER
LC control number 19013991
035 ## - SYSTEM CONTROL NUMBER
System control number (OCoLC)5532525
040 ## - CATALOGING SOURCE
Original cataloging agency DLC
Transcribing agency NBiSU
Modifying agency OCoLC
-- DLC
041 1# - LANGUAGE CODE
Language code of text/sound track or separate title eng
Language code of original and/or intermediate translations of text ger
042 ## - AUTHENTICATION CODE
Authentication code premarc
050 00 - LIBRARY OF CONGRESS CALL NUMBER
Classification number HM136
Item number .S34 1918
300 ## - PHYSICAL DESCRIPTION
Dimensions 17 cm.
100 1# - MAIN ENTRY--PERSONAL NAME
Personal name Stirner, Max,
Dates associated with a name 1806-1856
9 (RLIN) 36738
245 14 - TITLE STATEMENT
Title The ego and his own
Statement of responsibility, etc Max Stirner and Johann Kaspar Schmidt
260 ## - PUBLICATION, DISTRIBUTION, ETC. (IMPRINT)
Place of publication, distribution, etc New York,
Name of publisher, distributor, etc Boni and Liveright, inc.
Date of publication, distribution, etc 1918
300 ## - PHYSICAL DESCRIPTION
Extent xi,387 p.
490 0# - SERIES STATEMENT
Series statement The modern library of the world's best books
650 #0 - SUBJECT ADDED ENTRY--TOPICAL TERM
Topical term or geographic name as entry element Egoism.
9 (RLIN) 7328
650 #0 - SUBJECT ADDED ENTRY--TOPICAL TERM
Topical term or geographic name as entry element Individualism.
9 (RLIN) 36739
700 1# - ADDED ENTRY--PERSONAL NAME
Personal name Schmidt, Johann Kaspar
9 (RLIN) 36740
906 ## - LOCAL DATA ELEMENT F, LDF (RLIN)
a 7
b cbc
c oclcrpl
d u
e ncip
f 19
g y-gencatlg
942 ## - ADDED ENTRY ELEMENTS (KOHA)
Source of classification or shelving scheme Library of Congress Classification
Koha item type Monograph ( Printed materials)
Holdings
Withdrawn status Lost status Source of classification or shelving scheme Damaged status Not for loan Collection code Home library Current library Date acquired Total Checkouts Full call number Barcode Date last seen Price effective from Koha item type
    Library of Congress Classification     Main Collection ARRUPE LIBRARY ARRUPE LIBRARY 06/10/2017   HM136 .S34 1918 46500027854 30/04/2018 06/10/2017 Monograph ( Printed materials)

 

Arrupe Library. PO Box MP320 Mt Pleasant, Harare, Zimbabwe
263 242 745411|librarian@aju.ac.zw